|
|
|
|
| LEADER |
00000nab a2200000ua 4500 |
| 001 |
vtls010838078 |
| 003 |
SK-MaSNL |
| 005 |
20260303103545.0 |
| 008 |
230121s2005 xo |||||||||||||||||slo| |
| 035 |
|
|
|a (urnnbn)urn:nbn:sk:snk:ar-a06v30
|
| 035 |
|
|
|a urn:nbn:sk:snk-ab61f1
|
| 035 |
|
|
|a (uuid)ad418fbf-9419-4ef1-9e2c-62cdc8797f86
|
| 040 |
|
|
|a SNKBUCL
|b slo
|c SNKBUCL
|e AACR2
|
| 041 |
0 |
|
|a slo
|
| 044 |
|
|
|a xo
|c SK
|
| 100 |
1 |
|
|a Donáth, Vladimír,
|d 1949-
|4 aut
|9 47945
|
| 245 |
1 |
0 |
|a FARMAKOEKONOMICKÉ ÚVAHY PRI LIEČBE EPILEPSIE
|c Vladimír Donáth
|
| 773 |
0 |
|
|t Farmakoekonomika a lieková politika : oficiálny časopis Slovenskej spoločnosti pre farmakoekonomiku
|g Roč. 1, č. 3 (2005), s. 7-8
|
| 954 |
|
|
|a odborná, vedecká literatúra pôvodná (slovenská)
|2 lita
|
| 958 |
|
|
|a OND
|
| 958 |
|
|
|a EUIPO
|
| 958 |
|
|
|a article5
|
| 999 |
|
|
|c 1850409
|d 1852339
|